Normal view
MARC view
Entry Meeting Name
001 - CONTROL NUMBER
- control field: 28069
003 - CONTROL NUMBER IDENTIFIER
- control field: OSt
005 - DATE AND TIME OF LATEST TRANSACTION
- control field: 20211105135130.0
008 - FIXED-LENGTH DATA ELEMENTS
- fixed length control field: 211105|| aca||aabn | a|a d
040 ## - CATALOGING SOURCE
- Original cataloging agency: OSt
- Transcribing agency: OSt
111 ## - HEADING--MEETING NAME
- Meeting name or jurisdiction name as entry element: ESLAB Symposium on the exploration of Halley's comet
- Number of part/section/meeting: 20th
- Location of meeting: Germany
- Date of meeting or treaty signing: 1986 Oct. 27-31
670 ## - SOURCE DATA FOUND
- Source citation: Work cat.: (OSt): ESLAB Symposium on the exploration of Halley's comet 20th Germany 1986 Oct. 27-31, Exploration of Halley's comet, 1986